[Event "Turnier 40 / 120"]
[Site "Wien"]
[Date "2022.03.31"]
[Round "32"]
[White "Tasc R30 V 2.5 Aktiv - ARM6 - 30 MHZ"]
[Black "Mephisto Genius 68030 Aktiv - 33 MHZ"]
[Result "1-0"]
[BlackElo "2252"]
[WhiteElo "2332"]

1. c4 Nf6 2. d4 e6 3. Nf3 b6 4. g3 Bb7 5. Bg2 Be7 6. O-O O-O 7. Nc3 Ne4 8.
Qc2 Nxc3 9. Qxc3 c5 {Buchende} 10. Bf4 {Buchende} cxd4 {Buchbewertung
Mephisto Genius 68030: -0,24} 11. Nxd4 {Buchbewertung Tasc R30 V 2.5: +0,39
/ lt. Stockfish ist die Stellung etwa gleich} Bxg2 12. Kxg2 Bf6 13. Bd6 Nc6
14. e3 Re8 15. Rad1 Qc8 16. f3 {besser ist Kg1, nach dem Textzug ist
Schwarz etwas im Vorteil mit ca. +0,80 mit der Fortsetzung Da6} Nxd4
{schwächer als Da6, die Stellung ist im Lot} 17. exd4 Qa6 18. Qb3 Rac8 19.
c5 g6 20. Rf2 Bg7 21. Rfd2 bxc5? {kein guter Zug, öffnet die D-Linie wo
Weiss die Türme verdoppelt hat und macht den zurückhängenden Bauern d7
schwach, Stockfish "nur" +0,40 für Weiss, mir persönlich gefällt dieser Zug
gar nicht, besser war Lf8 und die Stellung ist exakt im Lot.} 22. dxc5 Bh6?
{neuerlich schwach, Stockfish +1,00 für Weiss mit der Fortsetzung Tc2,
besser war Dc6} 23. Rd3 {deutlich schwächer als Tc2, Stockfish +0,30 für
Weiss mit der Fortsetzung Lf8} Qc6 {immer noch verdiente Lf8 den Vorzug,
Stockfish +1,40 für Weiss mit der Fortsetzung Dc4} 24. Kg1? {beide Geräte
finden in dieser Phase nicht die besten Züge, Stockfish 0,00 mit der
Fortsetzung a5, hier setze ich die Kommentar daher aus.} Bg7 25. Re3 Bf6
26. Qa3 Qb5 27. b4 Ra8 28. Qb3 a5 29. a3 axb4 30. axb4 Ra7 31. Re4 Rea8
{die Stellung ist im Lot, Stockfish 0,00} 32. Qc4 Qxc4 33. Rxc4 Ra1? {ein
schwacher Zug, der Weiss klar in Vorteil bringt, Stockfish +1,00 mit der
Fortsetzung Txa1, nötig war Ta2 und die Stellung wäre exakt im Lot.} 34.
Rcc1? {deutlich schwächer als Txa1, Stockfish +0,20 für Weiss} R1a3?
{Genius 68030: -0,18, ein absoluter Verlustzug, danach ist die Partie
sofort verloren, Stockfish +4,50 für Weiss mit der Fortsetzung b5, nötig
war T1a2 und die Stellung ist im Lot.} 35. b5! {der Favorit nützt sofort
die Chance und sieht auch sofort den Gewinn, Bewertung +2,30, Schwarz kann
bereits aufgeben, Stockfish +4,50} Rxf3 {der Genius hat von dieser Stellung
keine Ahnung, Bewertung -0,21, auch hier war Tb3 noch klar besser,
Stockfish -5,50} 36. b6 Rb3 {erst jetzt viel zu spät sieht der Genius das
Problem, Bewertung -1,51 aber auch diese ist noch weit zu optimistisch} 37.
Rb1 {Tasc R30: +2,96} Bd4+ 38. Kf1 Rf3+ {Genius -1,51} 39. Kg2 {Tasc R30
bewertet in der 1. Sekunde der Berechnung bereits mit +4,81} Rf2+ 40. Kh3
Raa2 41. Rxd4 Rxh2+ 42. Kg4 {Rest geschenkt} 1-0
[/pgn]
[pgn]

[Event "Turnier 40 / 120"]
[Site "Wien"]
[Date "2022.04.01"]
[Round "33"]
[White "Mephisto Genius 68030 Aktiv - 33 MHZ"]
[Black "Tasc R30 V 2.5 Aktiv - ARM6 - 30 MHZ"]
[Result "1/2-1/2"]
[BlackElo "2332"]
[WhiteElo "2252"]

1. d4 d5 2. c4 dxc4 3. Nf3 Nf6 4. e3 e6 5. Bxc4 c5 6. O-O a6 7. Qe2 b5 8.
Bd3 cxd4 9. exd4 Nc6 10. a4 bxa4 11. Rxa4 Nb4 {Buchende} 12. Bb5+
{Buchende} Bd7 {Buchbewertung Tasc R30: -0,92} 13. Bxd7+ {Buchbewertung
Genius 68030: -0,12 / lt. Stockfish ist die Stellung exakt gleich 0,00}
Qxd7 14. Nc3 Rc8 15. Bg5 Rxc3 16. Rxb4 Bxb4 17. bxc3 Bxc3 18. Bxf6 gxf6 19.
Rc1 {die Stellung ist im Lot, Stockfish 0,00} Bb4 20. Qxa6 O-O 21. h3 Rb8
22. Rb1 Qc7 23. d5 Rb6 24. Qa8+ Kg7 25. dxe6 fxe6 26. Qe4 Bc5 27. Ra1 h5
28. Nh4 f5 29. Qd3 Qd6 30. Qxd6 {nach dem Damentausch ist die Partie wohl
schon sicher Remis, Stockfish 0,00} Bxd6 31. Kf1 Kf6 32. Nf3 e5 33. Nd2 Be7
34. Nc4 Rc6 35. Ra4 Ke6 36. Ke2 h4 37. f3 Bc5 38. Nd2 f4 39. Kd3 Rd6+ 40.
Ke2 Rb6 41. Kd3 Be7 42. Nc4 Rb1 43. Ra5 Rd1+ 44. Ke2 Rd5 45. Rxd5 Kxd5 46.
Kd3 {Userentscheid: Remis} 1/2-1/2
[/pgn]
[pgn]

[Event "Turnier 40 / 120"]
[Site "Wien"]
[Date "2022.04.02"]
[Round "34"]
[White "Tasc R30 V 2.5 Aktiv - ARM6 - 30 MHZ"]
[Black "Mephisto Genius 68030 Aktiv - 33 MHZ"]
[Result "1-0"]
[BlackElo "2252"]
[WhiteElo "2332"]

1. d4 d5 2. Nf3 Nf6 3. c4 dxc4 4. e3 Bg4 5. Bxc4 e6 6. h3 Bh5 7. Nc3 a6 8.
g4 Bg6 9. Ne5 {Buchende} Nbd7 10. Nxg6 {Buchbewertung Tasc R30 V 2.5:
+0,31} hxg6 {Buchende} 11. g5 Ng8 {Buchbewertung Mephisto Genius 68030:
-0,06 / besser war Sd5, Stockfish +0,70 für Weiss, der Tasc R30 hätte den
besseren Zug Sd5 erwartet} 12. Qf3 Rb8 13. e4? {deutlich besser ist h4,
nach dem Textzug ist die Stellung wieder im Lot} Nb6 14. Bb3 Qxd4 15. Be3
Qb4 16. O-O-O Bd6 17. Bd4 {besser ist Kc2, die Stellung ist wieder im Lot,
Stockfish 0,00} Rh7? {ein ganz schwacher Zug, der Weiss klar in Vorteil
bringt, Stockfish +1,70 mit der Fortsetzung h4, nötig war Th4} 18. Rhe1?
{etwas schwächer als h4 Stockfish +1,00 für Weiss} c5? {Genius 68030: +0,81
???, ein Verlustzug, damit ist die Partie bereits verloren, Stockfish +3,00
für Weiss mit der Fortsetzung Le3} 19. Be3 {Tasc R30: +1,01 sieht sich
zurecht bereits klar im Vorteil} c4? {der Genius 68030 +0,66 in der
Erwartung von Lc2, ist in dieser Stellung völlig blind und hat absolut
keine Ahnung, Stockfish +8,00 mit der Fortsetzung a3 nötig war Lh2 mit ca.
+3,00 für Weiss verliert aber auch schon.} 20. a3! {na klar, der richtige
Zug, der den Genius überrascht.} Qxb3 21. Rxd6 Na4 {selbst diese Stellung
bewertet der Genius noch mit +0,63 / Stockfish -9,00 einfach
orientierungslos ist der Aussenseiter in dieser Partie} 22. Nxa4 {Tasc R30:
+1,16} Qxa4 23. Red1! {wieder richtig, Stockfish +9,00 für Weiss / Tasc
R30: +1,27 sieht klaren Vorteil} c3 24. Bb6 {deutlich besser ist noch Lc5,
spielt aber keine Rolle mehr Stockfish +6,00 für Weiss} Qb3 {Genius 68030:
+0,21 ????, da ist man einfach sprachlos} 25. Qxc3 {Tasc R30: +1,64} Qxc3+
26. bxc3 Rh8 {erstmals eine kleine Einsicht des Genius: -0,93, aber immer
noch ahnungslos, Stockfish -6,50} 27. e5 {Tasc R30: +1,56 / Stockfish
+6,50} Ra8 28. Rd8+ Rxd8 29. Rxd8+ Ke7 {der Springer g8 ist hoffnungslos
gefangen und der Turm H8 damit ebenfalls bewegungsunfähig, die Stellung ist
hoffnungslos verloren für Schwarz, Stockfish -7,00} 30. f4 Rxh3 {noch das
beste aber bringt nichts mehr} 31. Rxg8 {hier beende ich das sinnlose
Leiden, Userentscheid: 1-0} 1-0
[/pgn]
[pgn]

[Event "Turnier 40 / 120"]
[Site "Wien"]
[Date "2022.04.02"]
[Round "35"]
[White "Mephisto Genius 68030 Aktiv - 33 MHZ"]
[Black "Tasc R30 V 2.5 Aktiv - ARM6 - 30 MHZ"]
[Result "1-0"]
[BlackElo "2332"]
[WhiteElo "2252"]

1. e4 e5 2. Nf3 d6 3. d4 exd4 4. Nxd4 {Buchende} Nf6 5. Nc3 {Buchbewertung
Genius 68030: +0,39} Be7 {Buchende} 6. Be2 {Buchzug / Buchende} d5
{Buchbewertung Tasc R30 V 2.5: -0,64 / lt. Stockfish steht Weiss etwas
besser mit ca. +1,00} 7. exd5 Nxd5 8. Bb5+? {ein völlig unverständlicher
Zug, der jeglichen Vorteil verspielt und natürlich mit c6 unter
Tempoverlust für Weiss pariert wird, der Genius rechnet hier
unverständlicherweise mit Kf8 ??, also was er sich dabei gedacht hat bleibt
wohl sein eigenes Geheimnis, nach dem Textzug ist die Stellung etwa gleich,
klaren Vorteil versprach Sxd5} c6 {klar, was sonst} 9. Nxc6? {Genius 68030
+0,69, aha, jetzt sieht man, was der Genius sich dachte, das ist aber
leider eine völlig Fehleinschätzung und verliert praktisch schon die
Partie, Stockfish +1,50 für Schwarz.} bxc6 {Tasc R30 V 2,5 hat neuerlich
die Weit besser Übersicht und sieht hier bereits klaren Vorteil: Bewertung
+0,81} 10. Qxd5 Qxd5 11. Nxd5 cxb5 12. Nc7+ Kd7 13. Nxa8 {der Springer auf
A8 ist natürlich nicht mehr zu retten, damit verliert Weiss die Partie,
Stockfish +1,50 für Schwarz} Bb7? {auch nicht ideal, deutlich besser ist
Kc6, Stockfish +0,70 für Schwarz mit der Fortsetzung a4} 14. a4 b4 15. Be3
Bxa8 16. Bxa7 {rein Materiell ist jetzt sogar Weiss mit Turm + 2 Bauern
gegenüber Springer + Läufer im Vorteil, Schwarz steht aber immer noch etwas
besser mit ca. +0,70 mit der Fortsetzung Lxg2} Kc7 {schwächer als Lxg2,
damit ist Schwarz nur noch knapp im Vorteil mit ca. +0,40} 17. Bd4 Nc6 18.
Be3 Rd8 19. f3? {ein ganz schwacher Zug, der die Partie bereits verliert,
Stockfish +2,00 für Schwarz mit der Fortsetzung Lh4+, nötig war 0-0 und
Weiss hat keine Sorgen und alles wäre im Lot gewesen} Bh4+! {diesmal nützt
der Favorit die Chance zu klarem Vorteil, die Partie ist bereits verloren
für Weiss, Stockfish -2,00} 20. Ke2 Bb7 21. Bf4+? {nochmals deutlich
schwächer als g3, damit ist nichts mehr zu retten für Weiss, Stockfish
+3,00 für Schwarz, die Partie ist verloren für Weiss} Kc8 22. Kf1? {zeigt
die ganze Hilflosigkeit von Weiss, dazu gibt es keinen passenden Kommentar
mehr, Stockfish +5,00 für Schwarz mit der Fortsetzung Sd4} Bf6? {um ganze 3
Bauerneinheiten schwächer als Sd4, Stockfish +2,00 für Schwarz} 23. Kf2
Bd4+ {etwas besser ist Td5, Stockfish +1,50 für Schwarz} 24. Be3 Bxb2 25.
Rab1? {neuerlich schwach, deutlich besser ist Tad1, Stockfish +2,00 für
Schwarz} Bc3 26. Rhd1 Rxd1 {klar schwächer als Te8, Stockfish +1,30 für
Schwarz} 27. Rxd1 Ba6 28. Rd5 g6 29. g4? {auch nicht ideal deutlich besser
ist a5, Stockfish +1,30 für Schwarz} Bb2 30. h3 Bg7 31. Rd6 Bb7 32. Rd5 Be5
33. f4 Bc7 34. f5 Ne7 35. Rd4 gxf5? {kein guter Zug, der die Remischancen
für Weiss steigert, Stockfish nur noch +0,40 für Schwarz mit der
Fortsetzung Txb4, deutlich stärker war Sd5 mit ca. +1,00} 36. Rxb4 fxg4 37.
hxg4 f5 {mit diesem Zug verspielt der Favorit auch noch den letzten kleinen
Vorteil, der mit Lc6 noch zu haben war, danach ist die Partie bereits
Remis, Stockfish 0,00} 38. gxf5 Nxf5 39. Bf4 Bd8 40. Be5 h5 41. Rf4 Nh6 42.
Ke2 Ng4 43. Bc3 Bc6 44. a5 Bb7 45. Rf8 Kd7 46. Rf7+ Kc6 47. Rh7 h4 48. Rh8
Kd7 49. Rh7+ Kc8 50. Rh8 Kc7 51. Rh7+ Kb8 52. Rh8 Kc7 53. Rg8 Nh6 54. Rg6
Nf5 55. a6 Bd5 56. Be5+ Kc8 {die Stellung ist immer noch Remis, Stockfish
0,00} 57. Kd3 h3 58. c4 Ba8 59. Bh2 Ne7 {eine kleine Ungenauigkeit, zum 1x
seit dem 38. Zug zeigt Stockfish einen kleinen Vorteil für Weiss an mit der
Fortsetzung Th6 mit ca. +0,30, aber zum Gewinn reicht natürlich auch das
nicht} 60. Rh6 Bg2 61. Rh7 Kd7 62. Bg1 Ke6 63. a7 Ng6? {ja ist das zu
glauben mit diesem Zug bringt der Favorit am Ende noch das Remis in Gefahr,
Stockfish +2,30 mit der Fortsetzung Kc3 und Weiss gewinnt noch, nötig war
Sc8 und es ist Remis} 64. c5? {doch der Aussenseiter macht es nicht besser
und lässt diese Gewinnchance liegen, Stockfish +0,17 für Weiss mit der
Fortsetzung Se5, damit ist es wohl wieder Remis} Be7? {doch der Favorit
macht gleich nochmals einen spielentscheidenden Fehler, Stockfish +2,80 für
Weiss mit der Fortsetzung Th6} 65. Kc4 {auch diese Fortsetzung ist nahezu
gleichwertig mit Th6, Stockfish +2,30 für Weiss} Nh4? {um ganze 4
Bauerneinheiten schlechter als Se5+ verliert forciert, danach ist schon
alles vorbei für Schwarz, Stockfish +6,50 für Weiss mit der Fortsetzung
Kb5, deutlich mehr Widerstand bot Se5+ mit ca. +2,20 für Weiss} 66. Kb5 Nf5
67. c6 Nd6+ 68. Kc5 {Stockfish +12,00 für Weiss} Nf7+ 69. Kb6 Bd8+ 70. c7
Bxc7+ 71. Kxc7 Ng5 72. Rh4 Bd5 73. Be3 Nf7 74. Rxh3 Ba8 75. Kb8 Bg2 76. Bd4
Nd8 77. Kc7 {Stockfish Matt in 19} Nf7 78. Re3+ Kf5 79. Re7 Ng5 80. Kb8 Ne6
81. Rf7+ Kg6 82. Rf6+ Kg5 83. Rxe6 {Rest geschenkt, eine unglaublich
bittere Niederlage für den Favoriten, der hier die Chance auf eine
vorentscheidende 3-Punkte Führung vergibt und am Ende den ganzen Punkt
verschenkt.} 1-0
[/pgn]
[pgn]

[Event "Turnier 40 / 120"]
[Site "Wien"]
[Date "2022.04.03"]
[Round "36"]
[White "Tasc R 30 V 2.5 Aktiv - ARM6 - 30 MHZ"]
[Black "Mephisto Genius 68030 Aktiv - 33 MHZ"]
[Result "1-0"]
[BlackElo "2252"]
[WhiteElo "2332"]

1. c4 Nf6 2. Nc3 e5 3. Nf3 Nc6 4. d4 exd4 5. Nxd4 Bb4 6. Bg5 {Buchende} Qe7
{Buchende} 7. Rc1 {Buchbewertung Tasc R30 V 2.5: -0,04} O-O {Buchbewertung
Genius 68030: +0,12 / lt. Stockfish steht Weiss etwas besser mit ca. +0,40}
8. a3 Bxc3+ 9. Rxc3 Qe5 10. Nf3 Qf5 11. Rb3 d6 12. e3? {deutlich besser ist
Lxf6 und die Stellung ist im Lot, nach dem Textzug ist Schwarz schon mit
+1,30 im Vorteil mit der Fortsetzung Da5+} Qa5+ 13. Ke2 {auch Dd2 ist nicht
besser, Stockfish +1,50 für Schwarz} Qf5 {besser ist Se4, Stockfish +0,70
für Schwarz mit der Fortsetzung Lxf6} 14. Ke1? {ein schwacher Zug, der
Schwarz wieder klar in Vorteil bringt, Stockfish +1,50 für Schwarz mit der
Fortsetzung Da5, das Problem dabei ist allerdings der Genius 68030 wird
diesen Zug nicht spielen, denn es wäre eine Stellungswiederholung und somit
0,00, Stockfish sieht es natürlich als Fehlerkorrektur} Ne4 {auch nach
dieser Fortsetzung steht Schwarz noch besser mit ca. +1,00} 15. Bd3?
{deutlich besser ist Lf4, nach dem Textzug ist Schwarz bereits mit +2,00 im
Vorteil mit der Fortsetzung Se5} Ne5! {stark gespielt vom Genius} 16. Bh4?
{nochmals deutlich schwächer als Lf4, danach ist die Partie praktisch schon
verloren für Weiss, Stockfish -3,00 mit der Fortsetzung Sxd3} Nxd3+ 17.
Rxd3 Qg6 {besser ist b5, Schwarz steht aber weiterhin klar besser,
Stockfish +2,50} 18. Rg1? {klar schwächer als Lg3, Stockfish +3,50 für
Schwarz mit der Fortsetzung Lg4} Bg4 19. Kf1 Qh5? {deutlich schwächer als
a6 (das sieht Stockfish bereits mit +4,00 für Schwarz), nach dem Textzug
ist Schwarz noch ca. mit +2,40 im Vorteil mit der Fortsetzung h3} 20. Rd5
{schwächer als h3, Stockfish +3,20 für Schwarz mit der Fortsetzung Dg6} f5
21. Qc2 {besser ist Lg3, Stockfish +4,00 für Schwarz mit der Fortsetzung
Tae8} Bxf3 {deutlich schwächer als Tae8, Stockfish +2,60 für Schwarz} 22.
gxf3 Qxh4? {ein ganz schwacher Zug, der den Vorteil von Schwarz halbiert,
Stockfish nur noch +1,50 für Schwarz, nötig war Dxf3 mit ca. +3,00 für
Schwarz} 23. fxe4 fxe4? {der nächste ganz schwache Zug, der nahezu den
gesamten Vorteil verspielt, Stockfish nur noch +0,40 für Schwarz, nötig war
f4 mit ca. +1,50 für Schwarz} 24. Rg2 Rf7 25. c5 dxc5 26. Rxc5 c6 27. Re5
Raf8 {die Stellung ist im Lot, Stockfish 0,00, Schwarz hat den gesamten
Vorteil verspielt} 28. Qc4 Qf6 29. Qxe4 Qd6 30. f4 Qd1+ 31. Kf2 Qc1 32. Kg3
Qe1+ 33. Rf2 Rf6 34. Qc4+ Kh8 {besser ist T6f7, nach dem Textzug ist Weiss
bereits im Vorteil mit ca. +0,70 mit der Fortsetzung Df1} 35. Qf1 Qxf1 36.
Rxf1 g6 37. Rd1 R8f7 {Weiss steht noch etwas besser mit ca. +0,50,
Remischancen sind aber noch vorhanden für Schwarz} 38. Rd8+ Kg7 39. Ra8 a6
40. b4 {besser ist Td8, nach dem Textzug ist die Stellung im Lot, Stockfish
0,00} Rd6 41. Rae8 Rd3 42. a4 Ra3 43. Ra5 Kf6 44. Kf3 Rd7 45. h4 Kf7 46.
Re4 Rd5 47. h5 gxh5 {die Stellung ist immer noch im Lot, Stockfish 0,00}
48. Rxd5 cxd5 49. Rd4 Rxa4 50. Rxd5 Rxb4 51. Rxh5 Kg6 52. Rg5+ Kh6? {Genius
68030: +0,51 ??, der Tasc R30 sieht hier ein klares Remis mit 0,00 und
würde den richtigen Zug Kf6 spielen, ein wahrer Katastrophenzug, der die
Partie sofort verliert, der König ist damit aus dem Spiel und Weiss gewinnt
sofort, Stockfish +8,00} 53. e4? {doch der Favorit macht es auch nicht
besser, dieser Zug ist um ganze 7 Bauerneinheiten schlechter als der
Gewinnzug Tg1, Stockfish nur noch +0,50 für Weiss mit der Fortsetzung Tb1}
Rb6? {der nächste Verlustzug, Stockfish +7,00 für Weiss mit der Fortsetzung
Tg1} 54. Rg1 {diesmal nützt der Favorit die gebotene Chance, damit ist
alles vorbei für Schwarz} Rg6 55. Rh1+ Kg7 56. e5 Rh6? {der Genius 68030
hat von dieser Stellung absolut keine Ahnung, Bewertung +0,18 / verliert
sofort gegen die Fortsetzung Txh6 und die Dame für Weiss ist nicht mehr zu
verhindern, Stockfish -60,00} 57. Rd1 {bei weitem natürlich nicht das
Beste, aber hier gewinnt praktisch schon jede plausible Fortsetzung,
Stockfish +7,00 für Weiss} b5 58. f5 Rb6 59. f6+ Kf7 {Genius 68030: 0,00,
glaubt auch hier noch an ein Remis, Stockfish -60,00} 60. Ke4 {der richtige
Zug, der Favorit ist auch noch vorsichtig optimistisch sieht aber immerhin
schon einen Vorteil: +1,04} b4 {Genius 68030: 0,00 / Stockfish Matt in 20}
61. Kf5 {Tasc R30: +1,35} Rb5 {Genius 68030: -0,39} 62. Rd7+ {Tasc R30:
+1,87} Kg8 {Genius 68030: -0,90} 63. Rg7+ Kf8 {erst hier kommt der
Einbruch, Genius 68030: -3,87} 64. Rxh7 {Rest geschenkt} 1-0
[/pgn]
[pgn]